| 000 | 00616nam a2200229Ia 4500 | ||
|---|---|---|---|
| 005 | 20250508170330.0 | ||
| 008 | 008 250505s9999 xx 000 0 eng d | ||
| 020 | _a0-7069-2621-8 | ||
| 037 | _aTextBook | ||
| 040 |
_aFEDL _beng _cFEDL |
||
| 041 |
_aeng _2eng |
||
| 084 |
_a420.7, PAN _qFEDL |
||
| 100 |
_aPanchal M R _991062 |
||
| 245 | 0 | _aTeaching of english | |
| 250 | _a3 rev | ||
| 260 |
_aNew Delhi, India _bVani educational Books _c1984 |
||
| 300 | _a194p | ||
| 365 |
_aINR _b30 |
||
| 650 |
_aEnglish Language - Teaching _9757298 |
||
| 942 |
_cTB _h420.7, PAN |
||
| 999 |
_c1400462 _d1400462 |
||